[Event "21st Czech GM Open"]
[Site "Pardubice CZE"]
[Date "2010.07.27"]
[Round "5"]
[White "Michiels,B"]
[Black "Savitskiy,S"]
[Result "1-0"]
[WhiteElo "2460"]
[BlackElo "2245"]
[EventDate "2010.07.23"]

1. e4 c5 2. Nf3 d6 3. d4 cxd4 4. Nxd4 Nf6 5. Nc3 e6 6. Be2 Be7 7. O-O O-O
8. f4 Nc6 9. Be3 e5 10. fxe5 dxe5 11. Nf5 Bxf5 12. Rxf5 Qa5 13. Kh1 Rfd8
14. Qf1 Qb4 15. Rb1 Rac8 16. a3 Qa5 17. Bc4 Nd4 18. Bxd4 Rxd4 19. Bb3 Rcd8
20. Nd5 Nxd5 21. Rxf7 Bf6 22. Rxb7 Rxe4 23. Rb5 Qd2 24. Rd1 Rf4 25. Qg1 Qf2
26. Qxf2 Rxf2 27. Kg1 Rf4 28. g3 Rd4 29. Rxd4 exd4 30. Bxd5+ Kf8 31. Be4 h6
32. Rb7 a5 33. Kf1 Re8 34. Bg6 Ra8 35. Ke2 Ra6 36. Kd3 Bd8 37. Rf7+ Kg8 38.
Rd7 Bf6 39. Rc7 Kf8 40. Rf7+ Kg8 41. Rb7 Kf8 42. Kc4 Bg5 43. Bd3 Bf6 44.
Kb5 Ra8 45. Ka4 Ke8 46. Bg6+ Kd8 47. Rb5 Ra6 48. Bd3 Kc7 49. Rxa5 Re6 50.
Rf5 Re1 51. b4 Rh1 52. Rf2 Kb6 53. Kb3 Rb1+ 54. Kc4 Ra1 55. Kb3 Rb1+ 56.
Ka2 Re1 57. Rf1 1-0

[Event "21st Czech GM Open"]
[Site "Pardubice CZE"]
[Date "2010.07.27"]
[Round "5"]
[White "Sarkozy,L"]
[Black "Kunte,A"]
[Result "0-1"]
[WhiteElo "2373"]
[BlackElo "2521"]
[EventDate "2010.07.23"]

1. Nf3 Nf6 2. c4 e6 3. g3 d5 4. d4 Bb4+ 5. Bd2 Be7 6. Bg2 c6 7. Qc2 O-O 8.
O-O b6 9. Bf4 a5 10. Nbd2 Nbd7 11. e4 Ba6 12. b3 Rc8 13. Rfd1 h6 14. e5 Ne8
15. Rac1 Ba3 16. Ra1 Be7 17. Qb2 Nc7 18. Rac1 c5 19. dxc5 Nxc5 20. Qb1 b5
21. cxd5 Nxd5 22. Ne4 Nxe4 23. Qxe4 b4 24. Be3 Nc3 25. Rxd8 Rfxd8 26. Qg4
Ne2+ 27. Kh1 Rxc1+ 28. Bxc1 Rd1+ 29. Bf1 Rxf1+ 30. Kg2 Rxc1 31. Qe4 Rc8 32.
Nd2 Nc3 33. Qd4 Bb7+ 34. Kh3 Rd8 35. Qa7 Rxd2 36. Qxb7 Bf8 37. f4 Rxa2 38.
g4 Re2 39. Kg3 Nd5 40. Qa6 Re3+ 41. Kf2 Re4 42. Qxa5 Rxf4+ 43. Kg3 Re4 44.
Qb5 Re3+ 45. Kf2 Rxb3 46. Qb8 Rc3 47. Kg2 Rc6 0-1

[Event "21st Czech GM Open"]
[Site "Pardubice CZE"]
[Date "2010.07.27"]
[Round "5"]
[White "Schneider,Il"]
[Black "Sabol,M"]
[Result "1-0"]
[WhiteElo "2515"]
[BlackElo "2371"]
[EventDate "2010.07.23"]

1. e4 c6 2. d4 d5 3. e5 Bf5 4. h4 h6 5. g4 Be4 6. f3 Bg6 7. h5 Bh7 8. e6
Qd6 9. exf7+ Kxf7 10. Bd3 Bxd3 11. Qxd3 Nd7 12. Bf4 Qf6 13. Ne2 e5 14. dxe5
Nxe5 15. Qb3 Re8 16. Nd2 Nc4 17. Nxc4 dxc4 18. Qxc4+ Qe6 19. Qxe6+ Rxe6 20.
Rh2 Bb4+ 21. c3 Bc5 22. O-O-O Nf6 23. Nd4 Bxd4 24. Rxd4 Rhe8 25. Rhd2 Re1+
26. Rd1 Nd5 27. c4 Nf6 28. Kc2 Rxd1 29. Kxd1 Ke6 30. Bg3 Rf8 31. Bh4 c5 32.
Rf4 b6 33. Kc2 Ke5 34. Rf5+ Kd4 35. Bxf6+ gxf6 36. Kb3 a6 37. f4 Ke4 38.
Ka4 Rf7 39. b4 b5+ 40. cxb5 axb5+ 41. Kxb5 cxb4 42. Kxb4 Kf3 43. g5 Kg4 44.
Rxf6 Rb7+ 45. Ka5 hxg5 46. fxg5 Kxg5 47. Rb6 Ra7+ 48. Ra6 Rf7 49. h6 Rf5+
50. Kb4 Rf4+ 51. Kc3 Rh4 52. Rc6 Kf5 53. Kb3 Ke5 54. a4 Kd5 55. Rg6 1-0

[Event "21st Czech GM Open"]
[Site "Pardubice CZE"]
[Date "2010.07.27"]
[Round "5"]
[White "Miron,L"]
[Black "Kashlinskaya,A"]
[Result "1-0"]
[WhiteElo "2497"]
[BlackElo "2352"]
[EventDate "2010.07.23"]

1. d4 Nf6 2. g3 g6 3. Bg2 Bg7 4. e4 d6 5. Ne2 O-O 6. O-O e5 7. h3 Nc6 8. c3
a5 9. f4 exf4 10. Bxf4 Qe7 11. Bg5 h6 12. Bxf6 Bxf6 13. Nf4 Bg7 14. Na3 Qd8
15. Qd2 Ne7 16. Kh2 c6 17. Rae1 b5 18. Nc2 Bb7 19. Ne3 Qc7 20. Ng4 h5 21.
Nxh5 gxh5 22. Nf6+ Bxf6 23. Rxf6 Ng6 24. Qh6 Bc8 25. Rf5 Re8 26. Rxh5 Be6
27. Rf1 Bc4 28. Rf6 Re6 29. Rxg6+ 1-0

[Event "21st Czech GM Open"]
[Site "Pardubice CZE"]
[Date "2010.07.27"]
[Round "5"]
[White "Zilka,S"]
[Black "Ganor,D"]
[Result "1-0"]
[WhiteElo "2493"]
[BlackElo "2342"]
[EventDate "2010.07.23"]

1. d4 d5 2. Nf3 Nf6 3. c4 c6 4. Nc3 e6 5. Bg5 dxc4 6. e4 b5 7. e5 h6 8. Bh4
g5 9. Nxg5 hxg5 10. Bxg5 Nbd7 11. g3 Bb7 12. Bg2 Qb6 13. exf6 c5 14. d5
O-O-O 15. O-O b4 16. Rb1 Qa6 17. dxe6 Bxg2 18. e7 Bxf1 19. Qd5 Bh6 20. Bxh6
Bd3 21. Ne4 Ne5 22. exd8=Q+ Rxd8 23. Qxe5 Bxb1 24. Qxc5+ Kb7 25. Qe7+ Kc8
26. Qc5+ Kb7 27. Qxb4+ Ka8 28. Nc3 Bg6 29. Qe7 Qc8 30. Bf4 Rd7 31. Qe5 Rd8
32. Qa5 Rd7 33. h4 Qc6 34. h5 Be4 35. Qe5 1-0

[Event "21st Czech GM Open"]
[Site "Pardubice CZE"]
[Date "2010.07.27"]
[Round "5"]
[White "Sriram,J"]
[Black "Schuh,Di"]
[Result "1/2-1/2"]
[WhiteElo "2490"]
[BlackElo "2336"]
[EventDate "2010.07.23"]

1. d4 Nf6 2. Nf3 d6 3. g3 g6 4. c4 Bg7 5. Nc3 Bf5 6. Bg2 c6 7. O-O O-O 8.
b3 a5 9. Bb2 Ne4 10. Re1 Na6 11. Rc1 Nc7 12. Nh4 Nxc3 13. Bxc3 Bd7 14. d5
cxd5 15. Bxg7 Kxg7 16. cxd5 a4 17. Qd4+ f6 18. e4 Nb5 19. Qe3 Qa5 20. Bf1
Rfc8 21. Bxb5 1/2-1/2

[Event "21st Czech GM Open"]
[Site "Pardubice CZE"]
[Date "2010.07.27"]
[Round "5"]
[White "Geske,J"]
[Black "Ivanov,MM"]
[Result "1/2-1/2"]
[WhiteElo "2348"]
[BlackElo "2486"]
[EventDate "2010.07.23"]

1. e4 e5 2. Nf3 Nc6 3. Bb5 a6 4. Bxc6 dxc6 5. O-O Qd6 6. Na3 b5 7. c3 c5 8.
Nc2 Ne7 9. a4 Bb7 10. axb5 axb5 11. Rxa8+ Bxa8 12. Re1 c4 13. Na3 c6 14. b3
cxb3 15. Qxb3 Ng6 16. c4 b4 17. c5 Qxc5 18. Nc4 Be7 19. Bb2 O-O 20. Nfxe5
Nxe5 21. Nxe5 Qd6 22. d4 Qe6 23. Qc2 1/2-1/2

[Event "21st Czech GM Open"]
[Site "Pardubice CZE"]
[Date "2010.07.27"]
[Round "5"]
[White "Vokac,M"]
[Black "Doros,R"]
[Result "0-1"]
[WhiteElo "2458"]
[BlackElo "2331"]
[EventDate "2010.07.23"]

1. Nf3 c5 2. g3 Nc6 3. Bg2 e5 4. d3 g6 5. O-O Bg7 6. c4 Nge7 7. Nc3 d6 8.
Ne1 Be6 9. Nc2 d5 10. cxd5 Nxd5 11. Ne3 Nde7 12. Ne4 b6 13. Qa4 Rc8 14. Ng5
Bd7 15. Nc4 Qc7 16. Ne4 O-O 17. Bg5 f6 18. Be3 Rcd8 19. Qa3 Bg4 20. Rfe1
Nf5 21. Bxc5 bxc5 22. h3 Bxe2 23. Rxe2 Nb4 24. Rd1 Bh6 25. Ne3 Nxe3 26.
fxe3 f5 27. Nf2 a5 28. Qb3+ c4 29. dxc4 e4 30. Red2 Rxd2 31. Rxd2 Qxg3 32.
c5+ Kh8 33. Re2 Rb8 34. Qe6 Qc7 35. Rd2 Qxc5 36. Qf6+ Bg7 37. Rd8+ Rxd8 38.
Qxd8+ Bf8 39. Qf6+ Bg7 40. Qd8+ Bf8 41. Qf6+ Kg8 42. Bf1 Nd5 43. Qe6+ Kg7
44. Qe5+ Kh6 45. Nd1 Bd6 46. Qd4 Qxd4 47. exd4 Kg5 48. Nc3 Nxc3 49. bxc3 f4
50. Kf2 Ba3 51. Bb5 Bb2 52. Bc6 Kf5 53. Bd7+ Kf6 54. Bc6 e3+ 55. Kf3 Bxc3
56. Bb5 g5 57. Ke4 h5 58. Be2 Kg6 59. a4 Bb4 60. Ke5 Bf8 61. d5 Bg7+ 62.
Ke4 Bf8 63. Ke5 Be7 64. d6 Bxd6+ 65. Ke4 g4 66. hxg4 h4 67. Kf3 h3 68. Bf1
h2 69. Bg2 Kg5 70. Bh1 Bf8 71. Bg2 Bh6 72. Bh1 Kf6 73. Ke2 Ke6 74. Kd3 Kd6
75. Bf3 Kc5 76. Bg2 Kb4 77. Bc6 Bg5 78. Ke2 f3+ 79. Bxf3 Kxa4 80. Kf1 Kb3
81. Kg2 a4 82. Kxh2 a3 83. Kg2 a2 84. Bd5+ Kc3 0-1

[Event "21st Czech GM Open"]
[Site "Pardubice CZE"]
[Date "2010.07.27"]
[Round "5"]
[White "Baryshpolets,A"]
[Black "Bakalarz,M"]
[Result "1-0"]
[WhiteElo "2450"]
[BlackElo "2324"]
[EventDate "2010.07.23"]

1. d4 Nf6 2. c4 d6 3. Nf3 Bg4 4. Nc3 g6 5. g3 c6 6. Bg2 Bg7 7. O-O Qc8 8.
Re1 O-O 9. b3 Re8 10. Bb2 e5 11. d5 e4 12. Nd4 c5 13. Ndb5 Qd8 14. f3 a6
15. Na3 exf3 16. exf3 Rxe1+ 17. Qxe1 Bf5 18. g4 Bc8 19. Qg3 b5 20. Nc2 bxc4
21. bxc4 Ra7 22. Rd1 Re7 23. Ba1 Qc7 24. h3 Nbd7 25. Bf1 h6 26. h4 Ne5 27.
Ne3 Qd8 28. Rb1 Re8 29. Ned1 Nxf3+ 30. Qxf3 Nxg4 31. Ne2 Bxa1 32. Rxa1 Qxh4
33. Qg3 Qf6 34. Rb1 Bf5 35. Rb6 Qa1 36. Nec3 Qc1 37. Qxd6 Qd2 38. Rb8 Qd4+
39. Kg2 Rxb8 40. Qxb8+ Kh7 41. Qg3 h5 42. Be2 Qd2 43. Kf1 g5 44. Bxg4 Bxg4
45. Nf2 Bf5 46. Qe5 Kg6 47. d6 h4 48. Nd5 Be6 49. Qe2 Qc1+ 50. Kg2 h3+ 51.
Nxh3 Bxh3+ 52. Kxh3 Qh1+ 53. Kg3 Qg1+ 54. Kf3 g4+ 55. Kf4 Qc1+ 56. Kxg4 Qh6
57. Ne7+ Kh7 58. Qe4+ Kh8 59. Qa8+ Kh7 60. Qg8+ 1-0

[Event "21st Czech GM Open"]
[Site "Pardubice CZE"]
[Date "2010.07.27"]
[Round "5"]
[White "Baron,Ta"]
[Black "Raznikov,D"]
[Result "1/2-1/2"]
[WhiteElo "2438"]
[BlackElo "2326"]
[EventDate "2010.07.23"]

1. e4 c5 2. Nf3 d6 3. d4 cxd4 4. Nxd4 Nf6 5. Nc3 a6 6. Bg5 Nbd7 7. g3 e5 8.
Nf5 h6 9. Be3 Nb6 10. Bg2 Be6 11. O-O d5 12. Bxb6 Qxb6 13. Qf3 d4 14. Nd5
Nxd5 15. exd5 Bxf5 16. Qxf5 Qf6 17. Qxf6 gxf6 18. Rac1 Rc8 19. d6 Rb8 20.
c3 d3 21. c4 Bxd6 22. c5 Bc7 23. Rfd1 Ke7 24. Rxd3 Rhd8 25. Rxd8 Bxd8 26.
Rc4 b6 27. c6 Bc7 28. Kf1 Rd8 29. Ke2 Kf8 30. Be4 Rd6 31. Ra4 a5 32. Rc4
Rd8 33. b3 Rd6 34. a4 Rd8 35. f3 Ke7 36. Bf5 Rd4 37. Rxd4 exd4 38. Kd3 Kd6
39. Kxd4 Kxc6 40. Be4+ Kd7 41. Kd5 Bd6 42. Bf5+ Kc7 43. Ke4 Bc5 44. Kd5 Bd6
45. Ke4 Bc5 1/2-1/2

[Event "21st Czech GM Open"]
[Site "Pardubice CZE"]
[Date "2010.07.27"]
[Round "5"]
[White "Berger,Stev"]
[Black "Szablowski,P"]
[Result "1-0"]
[WhiteElo "2432"]
[BlackElo "2321"]
[EventDate "2010.07.23"]

1. e4 e6 2. d4 d5 3. Nc3 Nf6 4. Bg5 Bb4 5. e5 h6 6. exf6 hxg5 7. fxg7 Rg8
8. h4 gxh4 9. Qh5 Qf6 10. Qxh4 Qxg7 11. O-O-O Bd7 12. Nf3 Nc6 13. Nb5 Ba5
14. c4 a6 15. Nc3 Ne7 16. cxd5 Nf5 17. Qh7 O-O-O 18. Qxg7 Rxg7 19. Ne5 Bxc3
20. bxc3 exd5 21. Nxd7 Kxd7 22. Rh5 Ne7 23. g3 c6 24. Re1 Ng8 25. Bh3+ Kc7
26. Rh8 b5 27. Bf5 a5 28. Kc2 Rg5 29. g4 Nf6 30. Rh4 Re8 31. Re5 Rgg8 32.
f4 Nd7 33. Rxe8 Rxe8 34. Rh7 Re7 35. g5 Nf8 36. Rh6 Re2+ 37. Kd3 Rxa2 38.
Rf6 Kd8 39. Rxf7 Ke8 40. Ra7 Rg2 41. Rxa5 Rg3+ 42. Ke2 Rxc3 43. Ra7 Rc4 44.
g6 1-0

[Event "21st Czech GM Open"]
[Site "Pardubice CZE"]
[Date "2010.07.27"]
[Round "5"]
[White "Shevtsov,N"]
[Black "Nurkiewicz,M"]
[Result "1/2-1/2"]
[WhiteElo "2309"]
[BlackElo "2428"]
[EventDate "2010.07.23"]

1. e4 c5 2. Nf3 e6 3. d4 cxd4 4. Nxd4 Nf6 5. Nc3 Nc6 6. Be2 Bb4 7. O-O Bxc3
8. bxc3 Nxe4 9. Bf3 d5 10. Bxe4 dxe4 11. Nb5 O-O 12. Ba3 Qxd1 13. Rfxd1 Rd8
14. Rxd8+ Nxd8 15. Nc7 Rb8 16. Bd6 Bd7 17. Nxe6 Rc8 18. Nxd8 Rxd8 19. Bc5
b6 20. Bd4 Ba4 21. Kf1 Bxc2 22. Ke2 f5 23. Ke3 g5 24. h4 g4 25. g3 Rd5 26.
Rc1 Bd3 27. c4 Ra5 28. c5 bxc5 29. Rxc5 Rxc5 30. Bxc5 1/2-1/2

[Event "21st Czech GM Open"]
[Site "Pardubice CZE"]
[Date "2010.07.27"]
[Round "5"]
[White "Shumilov,I"]
[Black "Haimovich,T"]
[Result "1/2-1/2"]
[WhiteElo "2284"]
[BlackElo "2427"]
[EventDate "2010.07.23"]

1. d4 Nf6 2. Nf3 d5 3. e3 Bg4 4. c4 c6 5. cxd5 Nxd5 6. Be2 Nd7 7. h3 Bf5 8.
Nbd2 N5f6 9. O-O e6 10. Nh4 Bg6 11. Nxg6 hxg6 12. Nc4 Qc7 13. Bf3 Rd8 14.
Bd2 Be7 15. Ba5 b6 16. Bc3 Nd5 17. a4 O-O 18. Qb3 Rc8 19. Na3 Rfd8 20. Rfc1
Qb8 21. Rab1 N7f6 22. Be1 c5 23. dxc5 Bxc5 24. a5 Qe5 25. Nc4 Qg5 26. Rd1
e5 27. Bxd5 Rxd5 28. Rxd5 Nxd5 29. Rd1 e4 30. Ne5 Qxe5 31. Rxd5 Qe6 32. Qd1
Be7 33. axb6 Qxb6 34. Bc3 Bf6 35. Rd6 Qb8 36. Bxf6 gxf6 37. Qd2 Rc1+ 38.
Qxc1 Qxd6 39. h4 Kg7 40. g3 Qd3 41. Kg2 1/2-1/2

[Event "21st Czech GM Open"]
[Site "Pardubice CZE"]
[Date "2010.07.27"]
[Round "5"]
[White "Vaibhav,S"]
[Black "Oparin,G"]
[Result "1-0"]
[WhiteElo "2419"]
[BlackElo "2309"]
[EventDate "2010.07.23"]

1. e4 c5 2. Nf3 d6 3. d4 cxd4 4. Nxd4 Nf6 5. Nc3 e6 6. Be2 a6 7. a4 Be7 8.
O-O Nc6 9. Be3 O-O 10. f4 Qc7 11. Kh1 Re8 12. Qd2 Bd7 13. Nb3 b6 14. Bf3
Rab8 15. Bf2 Bc8 16. Bg3 Nd7 17. e5 dxe5 18. Rae1 Nf8 19. fxe5 Ng6 20. Nd5
Qd7 21. Nf6+ gxf6 22. exf6 e5 23. fxe7 Rxe7 24. Qg5 Bb7 25. Rd1 Qe8 26. h4
e4 27. Be2 Re5 28. Bxe5 Qxe5 29. Bc4 Qxg5 30. Bxf7+ Kg7 31. hxg5 Nge5 32.
Bd5 e3 33. Rde1 Rd8 34. c4 Na5 35. Bxb7 Nxb3 36. Rxe3 Nd2 37. Rd1 Nexc4 38.
Re2 Ne4 39. Rxd8 Ng3+ 40. Kh2 Nxe2 41. Bxa6 1-0

[Event "21st Czech GM Open"]
[Site "Pardubice CZE"]
[Date "2010.07.27"]
[Round "5"]
[White "Sergienko,S"]
[Black "Gomes,Mary"]
[Result "1-0"]
[WhiteElo "2412"]
[BlackElo "2284"]
[EventDate "2010.07.23"]

1. e4 e6 2. d4 d5 3. Nc3 Nf6 4. Bg5 dxe4 5. Nxe4 Be7 6. Bxf6 gxf6 7. Nf3 f5
8. Ng3 c5 9. Bb5+ Bd7 10. Bxd7+ Nxd7 11. O-O Nf6 12. Qe2 h5 13. h4 Qc7 14.
Rfe1 f4 15. Ne4 Nxe4 16. Qxe4 O-O-O 17. Rad1 Bf6 18. d5 Bxb2 19. dxe6 fxe6
20. Qxe6+ Kb8 21. Rd5 Rxd5 22. Qxd5 b6 23. Qg5 Qd6 24. Re4 Rf8 25. Qxh5
Qd1+ 26. Re1 Qxc2 27. Qd5 Qf5 28. Re8+ 1-0

[Event "21st Czech GM Open"]
[Site "Pardubice CZE"]
[Date "2010.07.27"]
[Round "5"]
[White "Borisenko,V"]
[Black "Blomqvist,E"]
[Result "1/2-1/2"]
[WhiteElo "2226"]
[BlackElo "2407"]
[EventDate "2010.07.23"]

1. e4 e5 2. Nf3 Nc6 3. Bb5 Nf6 4. O-O Nxe4 5. Re1 Nd6 6. Bxc6 dxc6 7. Nxe5
Be7 8. d4 O-O 9. Nd2 Nf5 10. Ndf3 Be6 11. Bf4 Re8 12. c3 h6 13. h3 Nh4 14.
Nxh4 Bxh4 15. Nd3 Be7 16. Qf3 Rc8 1/2-1/2

[Event "21st Czech GM Open"]
[Site "Pardubice CZE"]
[Date "2010.07.27"]
[Round "5"]
[White "Aguettaz,M"]
[Black "Yuffa,D"]
[Result "1-0"]
[WhiteElo "2406"]
[BlackElo "2187"]
[EventDate "2010.07.23"]

1. Nf3 g6 2. e4 Bg7 3. d4 d6 4. Nc3 c6 5. a4 Bg4 6. Bc4 e6 7. d5 cxd5 8.
exd5 e5 9. O-O f5 10. h3 Bxf3 11. Qxf3 Nf6 12. Be3 O-O 13. a5 a6 14. Na4
Nbd7 15. Nb6 Nxb6 16. Bxb6 Qe7 17. Ra3 Rac8 18. Qe2 Nd7 19. Rb3 e4 20. c3
Nc5 21. Rb4 Rf7 22. f4 g5 23. Qh5 gxf4 24. Rxf4 Qe5 25. Rf2 Qf6 26. Be2 Qg6
27. Rc4 Rff8 28. Rb4 Be5 29. Bxc5 Rxc5 30. Rxb7 Qxh5 31. Bxh5 Rxd5 32. b4
Bxc3 33. Rc2 Bd4+ 34. Kf1 f4 35. Bg4 Re8 36. Be6+ 1-0

[Event "21st Czech GM Open"]
[Site "Pardubice CZE"]
[Date "2010.07.27"]
[Round "5"]
[White "Tomazini,Z"]
[Black "Fernandez,Dan SIN"]
[Result "0-1"]
[WhiteElo "2188"]
[BlackElo "2401"]
[EventDate "2010.07.23"]

1. e4 g6 2. d4 Bg7 3. Nc3 a6 4. Be3 b5 5. Qd2 d6 6. Bd3 Nd7 7. a4 b4 8.
Nce2 a5 9. c3 Ngf6 10. Bh6 Bxh6 11. Qxh6 bxc3 12. bxc3 e5 13. Nf3 Ng4 14.
Qd2 O-O 15. h3 Ngf6 16. Qh6 Qe7 17. Ng5 Ba6 18. Bxa6 Rxa6 19. O-O Rb8 20.
f4 Rb2 21. fxe5 dxe5 22. Ng3 Rc6 23. Rad1 Rxc3 24. Nh5 gxh5 25. dxe5 Rg3
26. Rf2 Qc5 27. Rdf1 Rxf2 28. Rxf2 Qc1+ 29. Kh2 Qxg5 30. Qxg5+ Rxg5 31.
exf6 Re5 32. Rd2 Nxf6 0-1

[Event "21st Czech GM Open"]
[Site "Pardubice CZE"]
[Date "2010.07.27"]
[Round "5"]
[White "Hedman,E"]
[Black "Burger,H"]
[Result "1-0"]
[WhiteElo "2391"]
[BlackElo "2110"]
[EventDate "2010.07.23"]

1. e4 c5 2. Nf3 Nc6 3. d4 cxd4 4. Nxd4 Nf6 5. Nc3 e6 6. a3 a6 7. Nxc6 bxc6
8. e5 Nd5 9. Ne4 Bb7 10. c4 f5 11. Bg5 Qb8 12. Nd6+ Bxd6 13. exd6 Nf6 14.
Bxf6 gxf6 15. Qh5+ Kf8 16. O-O-O c5 17. Rd3 Be4 18. Qh6+ Kf7 19. Rg3 Qg8
20. Be2 Qxg3 21. hxg3 e5 22. Bh5+ Ke6 23. Qg7 1-0

[Event "21st Czech GM Open"]
[Site "Pardubice CZE"]
[Date "2010.07.27"]
[Round "5"]
[White "Nakar,Ey"]
[Black "Babula,V"]
[Result "1/2-1/2"]
[WhiteElo "2287"]
[BlackElo "2533"]
[EventDate "2010.07.23"]

1. e4 c5 2. Nf3 d6 3. d4 cxd4 4. Nxd4 Nf6 5. Nc3 a6 6. Be2 Nbd7 7. O-O g6
8. Be3 Bg7 9. Qd2 O-O 10. Rad1 Qc7 11. Nd5 Nxd5 12. exd5 b5 13. Bh6 Nf6 14.
Bxg7 Kxg7 15. Bf3 Bb7 16. Qg5 Qd7 17. Rfe1 h6 18. Qe3 Rfe8 19. Nc6 Rac8 20.
Qd4 Qc7 21. c4 bxc4 22. Qxc4 e6 23. Qc3 Qb6 24. Re4 Bxc6 25. dxc6 Qxc6 26.
Qxc6 Rxc6 27. Rxe6 Rxe6 28. Bxc6 d5 29. Ba8 Re2 30. Rb1 Kf8 31. Kf1 Rc2 32.
Ke1 Ke7 33. a4 Kd6 34. b4 Ne4 35. Rd1 Nc3 36. Rd3 Re2+ 37. Kf1 Rc2 38. f4
g5 39. fxg5 hxg5 40. b5 axb5 41. axb5 Kc5 42. b6 Kxb6 43. Bxd5 1/2-1/2

[Event "21st Czech GM Open"]
[Site "Pardubice CZE"]
[Date "2010.07.27"]
[Round "5"]
[White "Maximov,D"]
[Black "Litwak,A"]
[Result "1/2-1/2"]
[WhiteElo "2506"]
[BlackElo "2280"]
[EventDate "2010.07.23"]

1. e4 c5 2. Nf3 d6 3. c3 Nf6 4. Bc4 Nc6 5. d3 g6 6. O-O Bg7 7. Re1 O-O 8.
Bb3 b5 9. h3 a5 10. a4 b4 11. d4 bxc3 12. bxc3 cxd4 13. cxd4 Nb4 14. Nc3
Ba6 15. e5 dxe5 16. dxe5 Nd7 17. Bg5 Nc5 18. Nd5 Nxd5 19. Bxd5 Ra7 20. Qd4
Rc7 21. Red1 Qc8 22. Rac1 Be2 23. Re1 Bxf3 24. Bxf3 Nb3 25. Rxc7 Nxd4 26.
Rxc8 Nxf3+ 27. gxf3 Rxc8 28. Bxe7 Rc4 29. Bd6 Rxa4 30. Rc1 h5 31. Rc8+ Kh7
32. Rc7 Kg8 33. Ra7 g5 34. Kg2 Bh6 35. Bc7 Bg7 36. Bd6 Bh6 37. Bc7 1/2-1/2

[Event "21st Czech GM Open"]
[Site "Pardubice CZE"]
[Date "2010.07.27"]
[Round "5"]
[White "Iskusnyh,S"]
[Black "Kaufeld,J"]
[Result "1/2-1/2"]
[WhiteElo "2480"]
[BlackElo "2270"]
[EventDate "2010.07.23"]

1. d4 d5 2. c4 c6 3. Nf3 Nf6 4. e3 Bf5 5. Nc3 e6 6. Nh4 Be4 7. f3 Bg6 8.
Qb3 Qc7 9. Bd2 Be7 10. g3 Nbd7 11. Rc1 dxc4 12. Bxc4 a6 13. Be2 c5 14. Na4
b5 15. Nxc5 Nxc5 16. dxc5 Bxc5 17. a4 Qb6 18. Qc3 Be7 19. axb5 axb5 20. e4
O-O 21. Nxg6 hxg6 22. Be3 Qb7 23. O-O Rfc8 24. Qd3 b4 25. Qb5 Qxb5 26. Bxb5
Rcb8 27. Bc6 Ra2 28. b3 Rb2 29. Ba4 Rd8 30. Rf2 Rxf2 31. Kxf2 Ne8 32. e5 g5
33. Rc6 f6 34. Rxe6 Kf7 35. Rb6 fxe5 36. Rb7 Ke6 37. Kg2 g4 38. Rb6+ Kf7
39. Bxe8+ Rxe8 40. fxg4 Rc8 41. Bd2 Ra8 42. Bxb4 Bxb4 43. Rxb4 Ra2+ 44. Kf3
Rxh2 45. Ke4 Re2+ 46. Kf5 g6+ 47. Kg5 Re3 48. Rb6 Rxg3 49. b4 Rb3 50. b5 e4
51. Rb7+ Ke6 52. Rb6+ Ke5 53. Kxg6 e3 54. Rb8 Kf4 55. g5 e2 56. Rf8+ Kg3
57. Re8 Kf2 58. Rxe2+ Kxe2 59. Kf6 Rxb5 1/2-1/2

[Event "21st Czech GM Open"]
[Site "Pardubice CZE"]
[Date "2010.07.27"]
[Round "5"]
[White "Krejci,Jan2"]
[Black "Borosova,Z"]
[Result "1/2-1/2"]
[WhiteElo "2463"]
[BlackElo "2266"]
[EventDate "2010.07.23"]

1. d4 d5 2. c4 c6 3. Nf3 Nf6 4. e3 Bf5 5. Nc3 e6 6. Nh4 Bg6 7. Nxg6 hxg6 8.
Qb3 Qc7 9. g3 Nbd7 10. Bg2 Bd6 11. Bd2 O-O 12. cxd5 exd5 13. Rc1 Qb6 14.
Qc2 Rfe8 15. O-O Qd8 16. h4 Nh5 17. e4 dxe4 18. Nxe4 Be7 19. Rfe1 Nb6 20.
Rcd1 Nd5 21. Nc5 Bxc5 22. dxc5 Qd7 23. Qa4 Nhf6 24. Rxe8+ Rxe8 25. Qxa7 Qg4
26. Re1 Rxe1+ 27. Bxe1 Qe2 28. Qa5 Qxb2 29. Bf3 Kh7 30. Bd2 Qd4 31. Bg5 Nd7
32. h5 Qxc5 1/2-1/2

[Event "21st Czech GM Open"]
[Site "Pardubice CZE"]
[Date "2010.07.27"]
[Round "5"]
[White "Michalik,P"]
[Black "Pfretzschner,R"]
[Result "1-0"]
[WhiteElo "2453"]
[BlackElo "2264"]
[EventDate "2010.07.23"]

1. d4 Nf6 2. c4 c5 3. d5 b5 4. cxb5 a6 5. bxa6 Bxa6 6. Nc3 g6 7. g3 d6 8.
Bg2 Bg7 9. Nf3 O-O 10. O-O Nbd7 11. Rb1 Qa5 12. Bd2 Bb7 13. Qc2 Qa6 14. e4
Ng4 15. b3 Rfc8 16. Rfc1 Bd4 17. Be1 Nge5 18. Qd1 Nxf3+ 19. Bxf3 Qb6 20. a4
Ba6 21. Be2 Rab8 22. Kg2 Bf6 23. Nb5 Qb7 24. Na3 Bxe2 25. Qxe2 Nb6 26. Qd3
Qd7 27. Bd2 h5 28. h3 Kh7 29. a5 Na8 30. b4 cxb4 31. Rxc8 Qxc8 32. Rxb4
Rxb4 33. Bxb4 Nc7 34. Bd2 Na6 35. Qc4 Qxc4 36. Nxc4 Kg8 37. f4 Bd4 38. Be3
Bc3 39. Kf3 Kf8 40. e5 f6 41. exd6 exd6 42. Bd2 Bxd2 43. Nxd2 Ke7 44. Ke3
Kd7 45. Kd4 Nc5 46. Kc4 Kc7 47. g4 hxg4 48. hxg4 g5 49. f5 Nd7 50. Nf3 Nc5
51. Nd4 Ne4 52. Nb5+ Kb7 53. Kd4 Nf2 54. Nxd6+ Ka6 55. Ne4 Nxg4 56. d6 Ne5
57. Nxf6 Nc6+ 58. Kd5 Nd8 59. d7 Kxa5 60. Kd6 Kb6 61. Ke7 Nc6+ 62. Ke8 Kc7
63. Nd5+ Kd6 64. f6 1-0

[Event "21st Czech GM Open"]
[Site "Pardubice CZE"]
[Date "2010.07.27"]
[Round "5"]
[White "Cioara,A"]
[Black "Linster,P"]
[Result "1/2-1/2"]
[WhiteElo "2427"]
[BlackElo "2244"]
[EventDate "2010.07.23"]

1. d4 Nf6 2. c4 g6 3. g3 Bg7 4. Bg2 O-O 5. Nc3 d6 6. Nf3 Nc6 7. O-O a6 8.
h3 Bd7 9. e4 e5 10. Be3 exd4 11. Nxd4 Re8 12. Re1 Qc8 13. Kh2 Ne5 14. b3 c5
15. Nde2 b5 16. Nd5 bxc4 17. Nb6 Qb7 18. Nxa8 Qxa8 19. bxc4 Bc6 20. f3 Nxc4
21. Bg1 d5 22. Rc1 dxe4 23. fxe4 Ne5 24. Bxc5 Rd8 25. Nd4 Bxe4 26. Rxe4
Nxe4 27. Qe2 f5 28. Ne6 Rd7 29. Nxg7 Kxg7 30. Ba3 Qd5 31. Rc5 Qd3 32. Qxd3
Nxd3 33. Rc4 Ne1 34. Bxe4 fxe4 35. Bb4 Nf3+ 36. Kg2 Nd2 37. Rc6 e3 38. Rxa6
Rf7 39. Bc3+ Kh6 40. Bxd2 Rf2+ 41. Kg1 Rxd2 1/2-1/2

[Event "21st Czech GM Open"]
[Site "Pardubice CZE"]
[Date "2010.07.27"]
[Round "5"]
[White "Zadruzny,N"]
[Black "Figura,A"]
[Result "1-0"]
[WhiteElo "2253"]
[BlackElo "2403"]
[EventDate "2010.07.23"]

1. d4 Nf6 2. Nc3 d5 3. Bg5 c5 4. Bxf6 gxf6 5. e3 e6 6. Qh5 Nc6 7. O-O-O f5
8. h3 cxd4 9. exd4 Qf6 10. Bb5 Bd7 11. Nge2 Qh6+ 12. Qxh6 Bxh6+ 13. f4 Ne7
14. Bd3 O-O-O 15. g4 Rhg8 16. Rdg1 f6 17. gxf5 exf5 18. Kd2 Be6 19. Ke3 Ng6
20. h4 Kd7 21. Kf3 a6 22. Nd1 Ne7 23. Ne3 Rxg1 24. Rxg1 Kc7 25. Rg2 Re8 26.
h5 Nc8 27. Ng3 Nd6 28. Ngxf5 Nxf5 29. Bxf5 Bf7 30. Rh2 Bg8 31. Ng4 Bg7 32.
h6 Bh8 33. Re2 Rxe2 34. Kxe2 Bf7 35. Bxh7 Bh5 36. Bf5 Bxg4+ 37. Bxg4 f5 38.
Bxf5 Bxd4 39. c3 Bh8 40. Kf3 b6 41. Kg4 Kd6 42. Kg5 Ke7 43. Kg6 Bf6 44. Kh7
Kf8 45. Be6 d4 46. c4 a5 47. b3 d3 48. Bg4 d2 49. Kg6 Ke7 50. f5 Bc3 51. a3
1-0

[Event "21st Czech GM Open"]
[Site "Pardubice CZE"]
[Date "2010.07.27"]
[Round "5"]
[White "Klima,L"]
[Black "Miskulin,D"]
[Result "1-0"]
[WhiteElo "2392"]
[BlackElo "2231"]
[EventDate "2010.07.23"]

1. e4 c5 2. Nf3 d6 3. c3 Nf6 4. Be2 Nbd7 5. d3 g6 6. O-O Bg7 7. Re1 O-O 8.
Bf1 e5 9. d4 b6 10. a4 Bb7 11. d5 a6 12. Na3 h6 13. b4 Ne8 14. Nd2 f5 15.
f3 fxe4 16. Nxe4 cxb4 17. cxb4 Ndf6 18. Nc3 e4 19. fxe4 Nxe4 20. Nxe4 Bxa1
21. Bxh6 Bg7 22. Bxg7 Nxg7 23. Nc4 Nf5 24. Qg4 Kg7 25. Nexd6 Nxd6 26. Re6
Rf6 27. Nxd6 Rxe6 28. Qxe6 Qh4 29. Qf7+ Kh6 30. Qxb7 Qd4+ 31. Kh1 Rf8 32.
Nf7+ Kg7 33. Ng5+ Kh6 34. Nf3 Qd1 35. Qxa6 Rd8 36. h3 Rxd5 37. Qc4 Rd7 38.
a5 bxa5 39. bxa5 Qd6 40. a6 Qd1 41. Qe2 Qc1 42. Ne5 Rd1 43. Ng4+ 1-0